| 000 | 00584nam a22001937a 4500 | ||
|---|---|---|---|
| 003 | SISC | ||
| 005 | 20160223083513.0 | ||
| 008 | 130302t xxu||||| |||| 00| 0 eng d | ||
| 020 | _a0201812606 | ||
| 050 |
_aQA 445 _b.C625 1994 |
||
| 082 |
_aHS 516 _bC59 1994 |
||
| 100 |
_aClemens, Stanley _915976 |
||
| 245 |
_aGeometry / _cStanley R. Clemens; Phares G. O'Daffer ; Thomas J. Cooney; John A. Dossey |
||
| 260 |
_aCalifornia : _bAddison-Wesley Publishing Company, _cc1994. |
||
| 300 |
_a726 p. _c23 cm. _bill. ; |
||
| 650 |
_aGeometry _915765 |
||
| 942 |
_2lcc _cBK |
||
| 999 |
_c10021 _d10021 |
||